Die perfekte Reproduktion?

Saved in:
Bibliographic Details
Main Authors: Draxler, Nico (Author) , Ney, Noémie (Author)
Format: Chapter/Article
Language:German
Published: 2026
In: Druck mir 'ne Handschrift
Year: 2026, Pages: 28-49
DOI:10.11588/heibooks.1709.c25740
Online Access:Verlag, kostenfrei, Volltext: https://doi.org/10.11588/heibooks.1709.c25740
Get full text
Author Notes:Nico Draxler, Noémie Ney

MARC

LEADER 00000caa a2200000 c 4500
001 1968862021
003 DE-627
005 20260504143427.0
007 cr uuu---uuuuu
008 260417s2026 xx |||||o 00| ||ger c
024 7 |a 10.11588/heibooks.1709.c25740  |2 doi 
035 |a (DE-627)1968862021 
035 |a (DE-599)KXP1968862021 
040 |a DE-627  |b ger  |c DE-627  |e rda 
041 |a ger 
084 |a 63  |2 sdnb 
100 1 |a Draxler, Nico  |e VerfasserIn  |0 (DE-588)1396917462  |0 (DE-627)1969262672  |4 aut 
245 1 4 |a Die perfekte Reproduktion?  |c Nico Draxler, Noémie Ney 
264 1 |c 2026 
300 |b Illustrationen 
300 |a 22 
336 |a Text  |b txt  |2 rdacontent 
337 |a Computermedien  |b c  |2 rdamedia 
338 |a Online-Ressource  |b cr  |2 rdacarrier 
700 1 |a Ney, Noémie  |e VerfasserIn  |4 aut 
773 0 8 |i Enthalten in  |t Druck mir 'ne Handschrift  |d Heidelberg : Universitätsbibliothek Heidelberg, 2026  |g (2026), Seite 28-49  |h 1 Online-Ressource (202 Seiten)  |w (DE-627)1968849114  |z 9783911056564  |7 nnam  |a Die perfekte Reproduktion? 
773 1 8 |g year:2026  |g pages:28-49  |g extent:22  |a Die perfekte Reproduktion? 
856 4 0 |u https://doi.org/10.11588/heibooks.1709.c25740  |x Verlag  |x Resolving-System  |z kostenfrei  |3 Volltext  |7 0 
912 |a ZDB-232-HEEB-article 
912 |a ZDB-232-HEEB-article 
951 |a AR 
992 |a 20260430 
993 |a Book 
994 |a 2026 
998 |g 1396917462  |a Draxler, Nico  |m 1396917462:Draxler, Nico  |d 70000  |d 72000  |d 72020  |d 500000  |d 501671  |e 70000PD1396917462  |e 72000PD1396917462  |e 72020PD1396917462  |e 500000PD1396917462  |e 501671PD1396917462  |k 0/70000/  |k 1/70000/72000/  |k 2/70000/72000/72020/  |k 0/500000/  |k 1/500000/501671/  |p 1  |x j 
999 |a KXP-PPN1968862021  |e 4960714972 
BIB |a Y 
JSO |a {"language":["ger"],"origin":[{"dateIssuedKey":"2026","dateIssuedDisp":"2026"}],"title":[{"title_sort":"perfekte Reproduktion?","title":"Die perfekte Reproduktion?"}],"person":[{"family":"Draxler","role":"aut","display":"Draxler, Nico","given":"Nico"},{"role":"aut","family":"Ney","given":"Noémie","display":"Ney, Noémie"}],"name":{"displayForm":["Nico Draxler, Noémie Ney"]},"id":{"doi":["10.11588/heibooks.1709.c25740"],"eki":["1968862021"]},"physDesc":[{"noteIll":"Illustrationen","extent":"22 S."}],"type":{"bibl":"chapter","media":"Online-Ressource"},"recId":"1968862021","relHost":[{"part":{"text":"(2026), Seite 28-49","year":"2026","pages":"28-49","extent":"22"},"disp":"Die perfekte Reproduktion?Druck mir 'ne Handschrift","note":["Impressum: Dieser Katalog begleitet die gleichnamige Ausstellung im Universitätsmuseum Heidelberg (24. April 2026-10. Oktober 2026)"],"language":["ger"],"name":{"displayForm":["Tino Licht, Rebecca Müller, Sophie Marie Daschner (Hrsg.)"]},"person":[{"family":"Licht","role":"edt","display":"Licht, Tino","given":"Tino"},{"given":"Rebecca","display":"Müller, Rebecca","family":"Müller","role":"edt"},{"role":"edt","family":"Daschner","display":"Daschner, Sophie Marie","given":"Sophie Marie"}],"id":{"isbn":["9783911056564"],"eki":["1968849114"],"uri":["urn:nbn:de:bsz:16-heibooks-book-1709"],"doi":["10.11588/heibooks.1709"]},"title":[{"title":"Druck mir 'ne Handschrift","title_sort":"Druck mir 'ne Handschrift","subtitle":"Facsimilia des Instituts für Europäische Kunstgeschichte"}],"origin":[{"dateIssuedKey":"2026","publisherPlace":"Heidelberg","publisher":"Universitätsbibliothek Heidelberg","dateIssuedDisp":"2026"}],"recId":"1968849114","corporate":[{"display":"Universitätsmuseum Heidelberg","role":"his"}],"relMultPart":[{"origin":[{"dateIssuedDisp":"18.02.2016-","publisher":"Universitätsbibliothek","publisherPlace":"Heidelberg"}],"title":[{"title_sort":"Kataloge","title":"Kataloge"}],"id":{"zdb":["2856924-6"],"issn":["2509-2618"],"eki":["859862313"]},"type":{"media":"Online-Ressource","bibl":"serial"},"physDesc":[{"extent":"Online-Ressource"}],"pubHistory":["1-"],"corporate":[{"role":"aut","display":"Universitätsmuseum Heidelberg"}],"recId":"859862313","name":{"displayForm":["Universitätsmuseum Heidelberg"]},"language":["ger"],"note":["Gesehen am 27.05.2016"],"disp":"Katalog / Universitätsmuseum Heidelberg","part":{"number_sort":["19"],"number":["19"]},"dispAlt":"Universitätsmuseum Heidelberg: Kataloge"}],"physDesc":[{"extent":"1 Online-Ressource (202 Seiten)","noteIll":"Illustrationen"}],"type":{"bibl":"edited-book","media":"Online-Ressource"}}]} 
SRT |a DRAXLERNICPERFEKTERE2026